000 00733cam a2200241 4500
001 WB3610-53
008 000000n2000 000 0 eng u
035 _a(Sirsi) u104685
245 _aBuy-to-let fuels boom
260 _c2000
490 _aIndependent
_v4 March 2000, 6(1)
520 _aLooks at the ways in which the tax system favours those buying-to-let, and discusses ways in which the changes to property taxes would affect the lettings market.
590 _aWB
650 _aBUY-TO-LET
650 _aSTAMP DUTY
650 _aMORTGAGE INTEREST RELIEF
650 _aLETTINGS MARKET
650 _aCAPITAL GAINS TAX
650 _aVALUE ADDED TAX
650 _aHOUSE PRICES
690 _aTAXATION
942 _n0
999 _c62810
_d62810